| 000 | 01168cam a22002894a 4500 | ||
|---|---|---|---|
| 001 | 13145696 | ||
| 003 | ARRUPE | ||
| 005 | 20130912135020.0 | ||
| 008 | 030402s2003 mdu b 000 0 eng | ||
| 010 | _a 2003007809 | ||
| 020 | _a0742531732 (hardcover : alk. paper) | ||
| 020 | _a0742531740 (pbk. : alk. paper) | ||
| 040 |
_aDLC _cDLC _dDLC |
||
| 042 | _apcc | ||
| 050 | 0 | 0 |
_aPN485 _b.R45 2003 |
| 082 | 0 | 0 |
_a809/.9338282 _221 |
| 100 | 1 |
_aReichardt, Mary R. _996 |
|
| 245 | 1 | 0 |
_aExploring Catholic literature : _ba companion and resource guide / _cMary R. Reichardt. |
| 260 |
_aNew York : _bRowman & Littlefield Publishers, _cc2003. |
||
| 300 |
_avii, 213 p. ; _c24 cm. |
||
| 650 | 0 |
_aCatholic literature _xHistory and criticism _997 |
|
| 650 | 0 |
_aCatholic literature _vBio-bibliography _998 |
|
| 856 | 4 | 1 |
_3Table of contents _uhttp://www.loc.gov/catdir/toc/ecip042/2003007809.html |
| 906 |
_a7 _bcbc _corignew _d1 _eecip _f20 _gy-gencatlg |
||
| 942 |
_2lcc _cMONOGRAPH |
||
| 999 |
_c117771 _d117771 |
||